International journal of translation (Record no. 22998)

MARC details
000 -LEADER
fixed length control field 00557nam a22001697a 4500
005 - DATE AND TIME OF LATEST TRANSACTION
control field 20250829140427.0
008 - FIXED-LENGTH DATA ELEMENTS--GENERAL INFORMATION
fixed length control field 090204c xxu||||| |||| 00| 0 eng d
022 ## - INTERNATIONAL STANDARD SERIAL NUMBER
International Standard Serial Number 0970-9819
082 ## - DEWEY DECIMAL CLASSIFICATION NUMBER
Classification number 418.02
245 ## - TITLE STATEMENT
Title International journal of translation
260 ## - PUBLICATION, DISTRIBUTION, ETC. (IMPRINT)
Place of publication, distribution, etc New Delhi
Name of publisher, distributor, etc Bahri Publications
Date of publication, distribution, etc 2008-
300 ## - PHYSICAL DESCRIPTION
Extent v.
Dimensions 22 cm
310 ## - CURRENT PUBLICATION FREQUENCY
Current publication frequency Half-yearly
650 ## - SUBJECT ADDED ENTRY--TOPICAL TERM
Topical term or geographic name as entry element Translation
9 (RLIN) 84425
270 ## - ADDRESS
Address 1749A/5, Ist Floor, Gobindpuri Extension,
City New Delhi
Postal code 110019
Telephone number 65810766
Fax number 26038606
Electronic mail address bahrius@vsnl.com
942 ## - ADDED ENTRY ELEMENTS (KOHA)
Source of classification or shelving scheme Dewey Decimal Classification
Item type Periodicals
Classification part 418.02
Call number suffix INT
Serial record 1
Holdings
Withdrawn status Lost status Source of classification or shelving scheme Damaged status Not for loan Collection code Home library Current library Date acquired Total Checkouts Full call number Date last seen Price effective from Koha item type
    Dewey Decimal Classification   Not For Loan Non-fiction D.B.Act.Division D.B.Act.Division 04/02/2009   418.02 INT 04/02/2009 04/02/2009 Periodicals

© Delhi Public Library
Hit Counter
free hit counter